000 00283nam a22001097a 4500
082 _a629.224 ENG'V
100 _aVAUXHALL MOTOR
_976689
245 _aENGINE AND CLUTCH BEDFORD M-4X4 SERVICE TRAINING MANUAL
260 _aENGLAND
_bVAUXHALL MOTOR
_c1970
300 _a107P
942 _cBK
999 _c582393
_d582393